| 000 | 00700nam a2200217Ia 4500 | ||
|---|---|---|---|
| 003 | GCL | ||
| 008 | 140319s9999 xx 000 0 ara d | ||
| 040 |
_aGCL / _cGCL |
||
| 082 | 0 | 4 |
_a920 _bع ف |
| 100 | 1 | _aعبدالحميد السائح | |
| 245 | 1 | 0 |
_aفلسطين لاصلاة تحت الحراب / _cعبدالحميد السائح |
| 260 |
_a[S.N] : _bمؤسسة الدراسات الفلسطينية ، _c1994 |
||
| 300 | _a170 ص | ||
| 490 | _a | ||
| 650 | 0 | 4 | _aمنظمة التحرير الفلسطينية |
| 650 | 0 | 4 | _aفلسطين |
| 650 | 0 | 4 | _aالقضية الفلسطينية |
| 650 | 0 | 4 | _aالتراجم |
| 650 | 0 | 4 | _aاتفاقيات كامب ديفيد |
| 942 |
_2ddc _cBK |
||
| 999 |
_c35863 _d35863 |
||